Food and drink associated with a county in England - Statistics

General Stats
  • This quiz has been taken 292 times
  • The average score is 3 of 16
Answer Stats
Hint Answer % Correct
Yorkshire pudding
63%
Cornwall cornish pasty
57%
Devonshire Cream
50%
Worcestershire Sauce
46%
Lancashire hotpot
38%
Leicestershire pork pie
19%
Somerset cheddar cheese
14%
Derbyshire Bakewell tart
13%
Cheshire cheshire cheese
13%
Lincolnshire Lincolnshire sausage
10%
Cumbria Cumberland sausage
8%
Gloucestershire Double Gloucester cheese
7%
Cambridgeshire Stilton cheese
6%
Yorkshire Wensleydale cheese
2%
London Chelsea bun
1%
Cornwall cornish hen
0%
No matching quizzes found
Score Distribution
Percent of People with Each Score
Percentile by Number Answered
Your Score History
You have not taken this quiz